DPH - daň podnikateľskej hrôzy ?

Zjednotenie sadzby dane z pridanej hodnoty na úrovni 19 percent pribrzdí okrem potravinárskeho priemyslu najviac vydávanie periodickej tlače a literatúry. Vo väčšine krajín je oveľa nižšia, ba aj nulová DPH z predaja periodík.

Gespeichert in:
Bibliographische Detailangaben
1. Verfasser: Ťapušíková, Roberta
Format: Buchkapitel
Sprache:Slowakisch
Schlagworte:
Tags: Tag hinzufügen
Keine Tags, Fügen Sie das erste Tag hinzu!

MARC

LEADER 00000naa a2200000 4500
001 r049665
005 20231003080314.6
041 0 |a slo 
044 |a SK 
245 1 0 |a DPH - daň podnikateľskej hrôzy ?  |c Roberta Ťapušíková 
520 |a Zjednotenie sadzby dane z pridanej hodnoty na úrovni 19 percent pribrzdí okrem potravinárskeho priemyslu najviac vydávanie periodickej tlače a literatúry. Vo väčšine krajín je oveľa nižšia, ba aj nulová DPH z predaja periodík. 
610 2 0 |a dane z hodnoty pridanej 
610 2 0 |a periodiká 
610 2 0 |a vydavateľstvá 
610 2 0 |a predaj 
610 2 0 |a Slovensko 
100 1 |a Ťapušíková, Roberta